[Event "I Copa Capivaras Do Nordeste"]
[Site "Skype"]
[Date "?"]
[Round "3.1"]
[White "Joselito Santos"]
[Black "Pedro Tibério"]
[Result "0-1"]
[WhiteElo "1742"]
[BlackElo "2082"]
[WhiteHelo "?"]
[TimeControl "3600+30"]
[Mode "TC"]
[BlackHelo "?"]
[Termination "Checkmate"]
[UTCDate "2019.11.14"]
[Source "Analyze This Pro"]
[UTCTime "22:55:24"]
[Annotator "Ericlock1.0"]

1. d4 d5 2. Bf4 Nf6 3. e3 e6 4. Nf3 Bd6 5. Bg3 O-O 6. Nbd2 c5 7. c3 Qc7 8. Bd3 Nbd7
9. O-O Bxg3 10. hxg3 e5 11. dxe5 Nxe5 12. Nxe5 Qxe5 13. Nf3 Qh5 14. Nh2 Bg4 15.
f3 Bd7 16. Re1 Qe5 17. f4 Qe6 18. Qc2 c4 19. Bf1 Rfe8 20. b3 b5 21. b4 a5 22. a3
axb4 23. cxb4 Qe7 24. f5 Ne4 25. g4 Qg5 26. Qd1 Ra6 27. Qxd5 Qh4 28. Re2 Rh6 29.
g3 Qxg3+ 30. Rg2 Qxe3+ 31. Kh1 Ng3+ 32. Rxg3 Qxg3 33. Qg2 Bc6 34. Ra2 Qxh2# {jaque
Mate}  0-1

[Event "I Copa Capivaras Do Nordeste"]
[Site "Skype"]
[Date "?"]
[Round "4.1"]
[White "Pedro Tibério"]
[Black "Jeferson Teles"]
[Result "1-0"]
[WhiteElo "2082"]
[BlackElo "2005"]
[WhiteHelo "?"]
[TimeControl "3600+30"]
[Mode "TC"]
[BlackHelo "?"]
[Termination "Abandoned"]
[UTCDate "2019.11.23"]
[Source "Analyze This Pro"]
[UTCTime "12:59:57"]
[Annotator "Ericlock1.0"]

1. e4 e5 2. Nf3 Nc6 3. d4 exd4 4. Bc4 Nf6 5. O-O Nxe4 6. Bd5 Nc5 7. c3 dxc3 8. Nxc3
Be7 9. Be3 O-O 10. Re1 b6 11. b4 Nb7 12. a3 a5 13. b5 Bf6 14. Rc1 Ne7 15. Bd4 Bxd4
16. Nxd4 Rb8 17. Bf3 d6 18. Rxe7 Qxe7 19. Nc6 Qg5 20. Nxb8 Nc5 21. Nc6 Re8 22. Nd5
Bb7 23. Nxc7 Rc8 24. Nd5 Re8 25. Rb1 a4 26. g3 Nb3 27. h4 Qd2 28. Nxb6 Qh6 29. Bd5
Nd2 30. Rb2 Bxc6 31. Bxc6 d5 32. Bxe8 Nf3+ 33. Qxf3 Qc1+ 34. Kg2 {las negras abandonan}
 1-0

[Event "I Copa Capivaras Do Nordeste"]
[Site "Skype"]
[Date "?"]
[Round "4.2"]
[White "Jeferson Teles"]
[Black "Pedro Tibério"]
[Result "0-1"]
[WhiteElo "2005"]
[BlackElo "2082"]
[WhiteHelo "?"]
[TimeControl "3600+30"]
[Mode "TC"]
[BlackHelo "?"]
[Termination "Abandoned"]
[UTCDate "2019.11.23"]
[Source "Analyze This Pro"]
[UTCTime "18:12:47"]
[Annotator "Ericlock1.0"]

1. d4 d6 2. e4 c6 3. c4 Nf6 4. Nc3 Nbd7 5. f4 e5 6. Nf3 Qa5 7. Bd3 exd4 8. Nxd4 Nc5
9. O-O Qb6 10. Kh1 Be7 11. e5 dxe5 12. fxe5 Nxd3 13. Qxd3 Ng4 14. Qe4 O-O 15. h3
f5 16. exf6 Bxf6 17. Ne6 Re8 18. Qxg4 Bxe6 19. Qg3 Qd4 20. Be3 Qh4 21. Qc7 Qxc4
22. Rxf6 gxf6 23. Bh6 Bf7 24. Qxb7 Qh4 25. Bc1 Re1+ 26. Kh2 Rae8 27. a4 Rxc1 28.
Nd5 Bxd5 29. Ra3 Rc2 30. Rg3+ Qxg3+ 31. Kxg3 Rxg2+ 32. Kf4 Re4+ 33. Kf3 Re7+ 34.
Kf4 Rxb7 {las negras abandonan}  0-1